| 000 | 00485cam a2200193 4500 | ||
|---|---|---|---|
| 001 | D9908 | ||
| 008 | 090401t1974 xxu||||| |||| 00| 0 eng d | ||
| 035 | _a(Sirsi) u23250 | ||
| 041 | _aeng | ||
| 050 | _a692.3 | ||
| 100 | _aWillis, C.J. | ||
| 245 | _aSection V: glazing, report by C. J. Willis | ||
| 260 |
_aLondon _bStandard Method of Measurement Developme _c1974 |
||
| 300 | _a7 leaves. 30cm | ||
| 350 | _a0 | ||
| 520 | _aFiled at SMMDU/9 | ||
| 942 | _n0 | ||
| 948 | _c04/03/1997 | ||
| 999 |
_c88364 _d88364 |
||